Sims 4 Quiz - Statistics

General Stats
  • This quiz has been taken 141 times
  • The average score is 9 of 10
Answer Stats
Question Answer % Correct
Who does Eliza Pancakes live with? Bob
100%
Where does Nancy Landgraab live? Oasis Springs
94%
Which family lives in Willow Creek? Spencer-Kim-Lewis
94%
How many sims live in the BFF household? 3
89%
Where does the Kahananui Family live? Sulani
89%
Who does Travis Scott live with? Summer and Liberty
89%
Where does Penny Pizzaz live? San Myshuno
83%
How many sims live in the Caliente household? 4
78%
Where do the Heckings live? Brindleton Bay
78%
Who does Jesminder Bheeda live with? Arun
72%
No matching quizzes found
Score Distribution
Percent of People with Each Score
Percentile by Number Answered
Your Score History
You have not taken this quiz